Juegos rituales aztecas /

Estudio sobre los juegos rituales que se practicaban en las fiestas celebradas en la ciudad de México, capital de los aztecas, en el periodo anterior inmediato a la conquista. Estos juegos se practicaron también en el resto del mundo nahua, si bien a veces con algunas variaciones importantes. El mat...

ver descrição completa

Na minha lista:
Detalhes bibliográficos
Autor principal: López Austin, Alfredo (versión)
Formato: Livro
Idioma:espanhol
Publicado em: México : UNAM, Instituto de Investigaciones Históricas, 1967, c1967
Colecção:(Serie Documental ; 5)
Assuntos:
Tags: Adicionar Tag
Sem tags, seja o primeiro a adicionar uma tag!

MARC

LEADER 00000nam^a2200000^a^4500
001 000103196
005 20250521000000.0
009 20260310093340.946
037 |a Acervo ITESO - Biblioteca 
041 |a ESP 
082 |a 972. 01  |b LOP 
100 |a López Austin, Alfredo  |e (versión) 
245 1 0 |a Juegos rituales aztecas /  |c Versión, introd. y notas de A. López Austin. 
264 4 |a México :  |b UNAM, Instituto de Investigaciones Históricas,  |c 1967, c1967 
300 |a 89 p. 
336 |a texto  |b txt  |2 rdacontenido 
337 |a sin mediación  |b n  |2 rdamedio 
338 |a volumen  |b nc  |2 rdasoporte 
440 1 |a (Serie Documental ;  |v 5) 
520 |a Estudio sobre los juegos rituales que se practicaban en las fiestas celebradas en la ciudad de México, capital de los aztecas, en el periodo anterior inmediato a la conquista. Estos juegos se practicaron también en el resto del mundo nahua, si bien a veces con algunas variaciones importantes. El material de este libro fue tomado del Códice Matritense del Real Palacio, del Códice Matritense de la Real Academia de la Historia y del Códice Florentino. 
649 |a XX 
650 |a México -  |x Historia -  |y Epoca Prehispánica 
650 |a México -  |x Historia 
650 |a Aztecas -  |x Condiciones Sociales y Culturales 
650 |a Aztecas -  |x Condiciones Sociales y Culturales 
650 |a Indígenas de México 
910 |a Fondo Jesús Rodríguez 
920 |a Impresos - Libros 
930 |a Fondos Especiales 
905 |a 113 
901 |a 0500038848  |b IT2  |c ESP  |u 20250521 
902 |a https://opac.biblio.iteso.mx/vufind/Record/000103196